El ateneo de Santiago de Cuba : (Registro nro. 33805)
[ vista simple ]
| 000 -CABECERA | |
|---|---|
| campo de control de longitud fija | 00890nam a2200229 a 4500 |
| 001 - NÚMERO DE CONTROL | |
| campo de control | 000034314 |
| 003 - IDENTIFICADOR DEL NÚMERO DE CONTROL | |
| campo de control | OSt |
| 005 - FECHA Y HORA DE LA ÚLTIMA TRANSACCIÓN | |
| campo de control | 20240227073914.0 |
| 008 - DATOS DE LONGITUD FIJA--INFORMACIÓN GENERAL | |
| campo de control de longitud fija | 111003s1916 es 000 0 spa d |
| 040 ## - FUENTE DE LA CATALOGACIÓN | |
| Centro catalogador/agencia de origen | DO-SdBNP |
| Lengua de catalogación | spa |
| Centro/agencia transcriptor | BNPHU |
| 082 #4 - NÚMERO DE LA CLASIFICACIÓN DECIMAL DEWEY | |
| Número de clasificación | 068.7291 |
| Número de documento/Ítem | A864s |
| 245 03 - MENCIÓN DE TÍTULO | |
| Título | El ateneo de Santiago de Cuba : |
| Resto del título | su fundación, su primer año de existencia, su porvenir / |
| Mención de responsabilidad, etc. | por el director Max Henríquez Ureña ; trabajos presentados durante el año por los ateneistas señores, Pascual Guerrero ... [et al.].<br/> |
| 260 ## - PUBLICACIÓN, DISTRIBUCIÓN, ETC. | |
| Lugar de publicación, distribución, etc. | Habana : |
| Nombre del editor, distribuidor, etc. | Imprenta de Aurelio Miranda, |
| Fecha de publicación, distribución, etc. | 1916. |
| 300 ## - DESCRIPCIÓN FÍSICA | |
| Extensión | 230 p. ; |
| Dimensiones | 20 cm. |
| 590 ## - NOTA LOCAL (RLIN) | |
| Nota local | Inventariado, 2019 / DG |
| 610 24 - PUNTO DE ACCESO ADICIONAL DE MATERIA--NOMBRE DE ENTIDAD CORPORATIVA | |
| Nombre de entidad corporativa o nombre de jurisdicción como elemento de entrada | Ateneo de Santiago de Cuba |
| 9 (RLIN) | 77142 |
| 654 ## - PUNTO DE ACCESO ADICIONAL DE MATERIA--TÉRMINOS DE MATERIA FACETADOS | |
| Término principal | Cuba |
| Subdivisión general | Vida intelectual |
| 700 1# - PUNTO DE ACCESO ADICIONAL--NOMBRE DE PERSONA | |
| Nombre de persona | Henríquez Ureña, Max, |
| Fechas asociadas al nombre | 1885-1968 |
| 9 (RLIN) | 2621 |
| 700 1# - PUNTO DE ACCESO ADICIONAL--NOMBRE DE PERSONA | |
| Nombre de persona | Guerrero, Pascual. |
| 9 (RLIN) | 59794 |
| 910 ## - DATOS DE OPCIÓN DEL USUARIO (OCLC) | |
| Datos de opción del usuario | Validado. Control de calidad MFF |
| 942 ## - ELEMENTOS DE PUNTO DE ACCESO ADICIONAL (KOHA) | |
| Fuente del sistema de clasificación o colocación | Dewey Decimal Classification |
| Tipo de ítem Koha | Libro |
| Estado de retiro | Estado de pérdida | Fuente del sistema de clasificación o colocación | No para préstamo | Código de colección | Localización permanente | Ubicación/localización actual | Ubicación en estantería | Fecha de adquisición | Número de inventario | Total de préstamos | Signatura topográfica completa | Código de barras | Fecha visto por última vez | Precio válido a partir de | Tipo de ítem Koha |
|---|---|---|---|---|---|---|---|---|---|---|---|---|---|---|---|
| Dewey Decimal Classification | Excluido de préstamo | Raros y valiosos | General | General | Depósito | 03.10.2011 | LF1 | 068.7291 A864s | 34314-10 | 25.06.2020 | 25.06.2020 | No se presta |
